| Tag |
First Indicator |
Second Indicator |
Subfields |
| LEADER |
00000cam a2200000 4500 |
| 001 |
in00000200328 |
| 005 |
20151009055458.0 |
| 008 |
740409s1973 mnua j 00000 eng |
| 010 |
|
|
|a 73011970
|
| 020 |
|
|
|a 0822502860 (lib. bdg.)
|
| 035 |
|
|
|a (OCoLC)00873760
|
| 035 |
|
|
|9 AAX0974AM
|
| 040 |
|
|
|a DLC
|c DLC
|d TXA
|d UtOrBLW
|
| 049 |
|
|
|a TXAM
|c [956691]
|
| 050 |
0 |
0 |
|a PE1591
|b .H322
|
| 082 |
0 |
|
|a 428/.1
|
| 100 |
1 |
|
|a Hanson, Joan.
|
| 245 |
1 |
0 |
|a More antonyms ;
|b wild and tame and other words that are as different in meaning as work and play.
|
| 264 |
|
1 |
|a Minneapolis :
|b Lerner Publications Co.,
|c [1973]
|
| 300 |
|
|
|a 32 unnumbered pages :
|b color illustrations ;
|c 19 cm.
|
| 336 |
|
|
|a text
|b txt
|2 rdacontent
|
| 337 |
|
|
|a unmediated
|b n
|2 rdamedia
|
| 338 |
|
|
|a volume
|b nc
|2 rdacarrier
|
| 520 |
|
|
|a Pictures illustrate the opposite meanings of such antonyms as plain and fancy, sweet and sour, and wild and tame.
|
| 650 |
|
0 |
|a English language
|x Synonyms and antonyms
|v Juvenile literature.
|
| 650 |
|
1 |
|a English language
|x Synonyms and antonyms.
|
| 999 |
|
|
|a MARS
|
| 999 |
f |
f |
|s 70220e2d-6253-3431-b2ae-8e19ce170bc5
|i 46b93b65-0cda-33a7-b91c-8b82baf5a477
|t 0
|
| 952 |
f |
f |
|p ric
|a Texas A&M University
|b Rellis Campus
|c Joint Library Facility
|s JLF
|d Remote Storage
|t 0
|e PE1591 .H322
|h Library of Congress classification
|i unmediated -- volume
|m A14803601072
|
| 998 |
f |
f |
|a PE1591 .H322
|t 0
|l Remote Storage
|